| 000 | 01427nam a2200253Ii 4500 | ||
|---|---|---|---|
| 003 | JO-AjNU | ||
| 005 | 20240625112546.0 | ||
| 008 | 230605s9999||||xx |||||||||||||| ||und|| | ||
| 040 |
_aJO-AjNU _bara _erda _cJO-AjNU |
||
| 041 | _aara | ||
| 050 | 1 | 4 | _aHG4235.25.2022 |
| 100 | 1 |
_aالربضي، تالا رامي نجيب _eمعد _965618 |
|
| 245 | 0 | 0 |
_aاثر المخاطر النظامية على ربحية اسهم الشركات الصناعية الاردنية المدرجة في بورصة عمان-تمهيد الدخل كمتغير معدل=The Impact of Systematic Risk on Earning Per Share of Jordanian Industrial Companies Listed at Amman Stock Exchange-Income Smoothing as a Moderating Variable / _cاعداد تالا رامي نجيب الربضي؛ اشراف علي عبدالله الزعبي، محمد سليمان جرادات |
| 264 | 3 | 1 | _a 2022 |
| 300 | _a90 ورقة | ||
| 336 |
_atext _btxt _2rdacontent |
||
| 337 |
_aunmediated _bn _2rdamedia |
||
| 338 |
_avolume _bnc _2rdacarrier |
||
| 500 | _aرسالة جامعية(اطروحة ماجستير) تخصص المحاسبة /كلية الاعمال، جامعة عجلون الوطنية، 2022 | ||
| 650 | 4 |
_aالشركات-الاردن-ادارة-محاسبة-البورصات _963385 |
|
| 700 | 1 |
_aالزعبي، علي عبدالله _965219 _eمشرف |
|
| 700 | 1 |
_aجرادات، محمد سليمان _950038 _eمشرف |
|
| 942 |
_2lcc _cTHS |
||
| 999 |
_c32315 _d32315 |
||